| 000 | 00563nam a22001817i 4500 | ||
|---|---|---|---|
| 999 |
_c23549 _d23549 |
||
| 003 | AR-CdUCM | ||
| 008 | 260323b20212021cc ||||| |||| 00| 0 spa d | ||
| 020 | _a978-84-140-3674-7 | ||
| 040 |
_aMUNICIPALIDAD PROVINCIAL DEL CUSCO _cBIBLIOTECA MUNICIPAL DEL CUSCO |
||
| 041 | _hspa | ||
| 082 |
_aEP / 823.8 _bC28 |
||
| 100 |
_aCarrol, Lewis - Lacombe, Benjamin _952390 |
||
| 245 |
_aAlicia : _bLibro Carrusel / |
||
| 260 |
_aChina : _bGrupo Editorial Luis Vives _c2021 |
||
| 300 |
_a10 páginas. : _c20x28 cm. |
||
| 942 |
_2ddc _cLIBROS |
||
| 945 |
_aesh _d23-03-2026 |
||